| 000 | 01264nam a22003137a 4500 | ||
|---|---|---|---|
| 005 | 2011112807317.0 | ||
| 008 | 111128t xxu||||| |||| 00| 0 eng d | ||
| 010 | _aENG-104208 | ||
| 020 |
_a9781259003035 _c795.00 |
||
| 035 | _aEN-87741 | ||
| 037 | _bDBAD/PUB | ||
| 040 |
_aDPL _bEng |
||
| 082 | _a005.8 | ||
| 100 | _936190 | ||
| 245 |
_aCompTIA security+ exam guide (exam SYO-301) : _cby Wm. Arthur Conklin ... [et al] _ball in one / |
||
| 250 | _a3rd ed | ||
| 260 |
_aNew Delhi _bTata MaGraw Hill _c2011 |
||
| 270 |
_a7, West Patel Nagar _bNew Delhi _e110008 |
||
| 300 |
_axxxiv,665p. : _c24cm (pbk) _bill. _e1CD-ROM |
||
| 500 | _aIncludes index | ||
| 650 |
_aElectronic data processing personnel _xCertification. _936197 |
||
| 650 |
_aComputer security _xExaminations _936198 _vStudy guides. |
||
| 650 |
_aComputer networks _xSecurity measures _xExaminations _936199 _vStudy guides. |
||
| 650 |
_aComputer technicians _936200 _xCertification _vStudy guides. |
||
| 700 |
_aConklin, Wm. Arthur _936195 _q(William Arthur) |
||
| 710 | _936196 | ||
| 942 |
_2ddc _cEN _mCOM _h005.8 |
||
| 999 |
_c58727 _d58727 |
||